Clic Les records du chemin de fer - Statistiques

Statistiques générales
  • Ce quiz a été pris 19 fois
  • Le résultat moyen est 8 sur 20
Statistiques - réponses
Hint Explanation Réponse % Correct
Le train sur rail le plus rapide du monde en 2024 depuis 2007 TGV
83%
Le plus long tunnel ferroviaire sous la mer est le tunnel sous 38 km sous la mer la Manche
75%
Le 1er train à vapeur a circulé sur des rails en au Pays de Galles 1804
67%
La ligne passagers la plus septentrionale relie la Suède à un autre pays, lequel ? Ligne de Stockholm à Narvik Norvège
67%
La ligne à grande vitesse la plus longue du monde est longue de Pékin-Guangzhou 2298 km
50%
La ligne la plus haute du monde passe à l'altitude de col des Tangula Shankou 5068 m
50%
La gare SNCF la plus haute de France est à l'altitude de Bolquère-Eyne 1592 m
42%
La ligne la plus haute de France monte à l'altitude de Tramway du Mont Blanc 2362 m
42%
Le plus long tunnel ferroviaire du monde est celui du 57 km Saint-Gothard
42%
Le plus long trajet en train possible du monde mesure De Lagos à Singapour 19000 km
33%
La ligne passagers la plus méridionale est dans ce pays Tren del fin del mundo Argentine
33%
Le plus grand réseau ferroviaire national se trouve dans ce pays 224 792 km Etats-Unis
33%
Le train le plus rapide du monde en 2024 train à sustentation magnétique / depuis 2015 JR-Maglev
33%
La plus longue ligne droite ferroviaire du monde est dans ce pays 478 km Australie
25%
La ligne de tramway la plus longue du monde est dans ce pays 64 km sur la côte avec 68 arrêts Belgique
25%
Le plus long pont ferroviaire se trouve dans ce pays 165 km Chine
25%
Le train le plus long du monde (frêt) mesure En Mauritanie 2,5 km
17%
Le train de voyageur le plus long du monde a mesuré En Suisse 2 km
17%
La ligne la plus septentrionale du monde se trouve dans ce pays Ligne de Obskaya à Bovanenkovo Russie
17%
La ligne voyageur la plus longue du monde sans changements est longue de Transsibérien 9289 km
8%
Aucun quiz correspondant
Distribution des résultats
% des personnes avec chaque résultat
Percentile par nombre de réponses
Votre historique - résultats
Vous n’avez pas pris ce quiz